header

The Rescue Princesses: The Secret Promise (Record no. 264419)

MARC details
000 -LEADER
fixed length control field 00238nam a22000977a 4500
020 ## - INTERNATIONAL STANDARD BOOK NUMBER
ISBN 9780545509138
100 ## - MAIN ENTRY--AUTHOR NAME
Personal name Paula Harrison
245 ## - TITLE STATEMENT
Title The Rescue Princesses: The Secret Promise
260 ## - PUBLICATION, DISTRIBUTION, ETC. (IMPRINT)
Place of publication New York
Name of publisher Scholastic
Year of publication 2012
942 ## - ADDED ENTRY ELEMENTS (KOHA)
Koha item type Long Loan Books
Holdings
Withdrawn status Lost status Collection code Home library Current library Shelving location Date acquired Accession Number Koha item type
    Fiction Rongo University Library Rongo University Library Children's Area 28/08/2024 CL2021525 Long Loan Books

© 2026 Rongo University
Contact us: librarian | system librarian | Rongo university